00321 a2200109 4500001001000000005001700010008004100027245004200068100001800110773006600128999001700194ART_1121120260410161855.0260409a 10aCarlos Marx entre el mito y la verdad1 aTagle, Manuel0 tRevista de Economíag- Nº 38/39 (sep./dic. 1983)wREV11077 c25384d25384